| 000 | 00000nam##2200000za#4500 |
| 001 | 9.571325 |
| 003 | CaOODSP |
| 005 | 20210624182653 |
| 007 | cr ||||||||||| |
| 008 | 150406|1998||||xxc|||||o f|0| 0 eng|d |
| 040 | |aCaOODSP|beng |
| 043 | |an-cn--- |
| 086 | 1 |aTU3-5/98-36E-PDF |
| 110 | 2 |aTransportation Safety Board of Canada. |
| 245 | 10|aLoss of control/hard landing, Canadian Helicopters Ltd., Eurocopter AS350B ASTAR (helicopter) C-FSLF, Slave Lake, Alberta 22 mi S, 31 August 1998 |h[electronic resource] |
| 260 | |aGatineau - Quebec : |bTransportation Safety Board of Canada |c[1999]. |
| 300 | |a5p. |
| 490 | 1 |aAviation investigation report |vA98W0181 |
| 500 | |a"The Board ... authorized the release of this report on 14 October 1999."--p.5 of 5. |
| 590 | |a12-18-Supp|b2012-04-25 |
| 775 | 08|tPerte de maîtrise/atterrissage dur, Canadian Helicopters Ltd., Eurocopter AS350B ASTAR (hélicoptère) C-FSLF 22 milles au sud de Slave Lake (Alberta), 31 août 1998 |w(CaOODSP)9.601939 |
| 830 | #0|aAviation investigation report ;|vA98W0181|w(CaOODSP)9.504825 |
| 856 | 40|ahttp://publications.gc.ca|qPDF|s70 KB|uhttps://publications.gc.ca/collections/collection_2011/bst-tsb/TU3-5-98-36-eng.pdf|yA98W0181 |